Normal view
MARC view
Entry Topical Term
001 - CONTROL NUMBER
- control field: 59068
003 - CONTROL NUMBER IDENTIFIER
- control field: dpl
005 - DATE AND TIME OF LATEST TRANSACTION
- control field: 20231124125517.0
008 - FIXED-LENGTH DATA ELEMENTS
- fixed length control field: 231124|| aca||aabn | a|a d
040 ## - CATALOGING SOURCE
- Original cataloging agency: dpl
- Transcribing agency: dpl
150 ## - HEADING--TOPICAL TERM
- Topical term following geographic name as entry element: Hindi Essay
670 ## - SOURCE DATA FOUND
- Source citation: Work cat.: (dpl)38753: उपाध्याय,दीपिका 59066, भारत निबंध पीयूष /, 2021
